000 00656nam a2200241Ia 4500
003 OSt
005 20221005051656.0
006 a|||||r|||| 00| 0
007 ta
008 221004b |||||||| |||| 00| 0 eng d
024 _a37373
037 _cTextual
040 _aCRL
_cCRL
_beng
041 _2eng
_aeng
082 _aO:1v3:N3, J1.1;2
100 _aSergeant Howard
_953290
245 0 _aTradition in the makings of modern poetry
260 _aLondon
_bBritannicks Liber
_c1951
300 _a122p
_ccm.
650 _aENGLISH LITERATURE
942 _hO:1v3:N3, J1.1;2
_cTEXL
_2cc
999 _c959179
_d959179